000 00807nam a2200277 i 4500
001 C2-0156701
003 PPAK
005 20180727132634.0
008 980425s1996 my a|||| ||||| | may d
020 _a983625126X ; 9789836251268
040 _aPPAK
_beng
_cPPAK
_erda
082 0 4 _a428.6
_223
090 0 0 _a428.6
_bHUM
_dK
100 1 _aHumphrey, Paul,
_eauthor
245 1 0 _aWaspada terhadap orang yang tidak dikenali
264 1 _aKuala Lumpur :
_bDewan Bahasa dan Pustaka ,
_c1996
300 _a31 pages :
_bcolour illustrations ;
_c20 cm
336 _2rdacontent
_atext
337 _2rdamedia
_aunmediated
338 _2rdacarrier
_avolume
490 1 _aSiri Pelangi
500 _aIncludes indexes
650 1 0 _aReaders - Translation into Malay
830 0 _aSiri Pelangi
942 _ddc
_cB
999 _c48299
_d48299